000 00468nam a2200169Ia 4500
008 230711s9999||||xx |||||||||||||| ||und||
020 _a978-81-87972-09-9
041 _aENG
082 _a4.16
_bGA-M
100 _aGaonkar,Ramesh S
245 0 _aMicroprocessor Architecture,programming and applications with the 8085
250 _a5th Ed.
260 _c2012
_aMumbai
_bPenram Internation Publication
300 _a830
650 _aComputer Engineering
942 _cBK
999 _c5527
_d5527